<?xml version="1.0" encoding="UTF-8"?>
<record
    xmlns:xsi="http://www.w3.org/2001/XMLSchema-instance"
    xsi:schemaLocation="http://www.loc.gov/MARC21/slim http://www.loc.gov/standards/marcxml/schema/MARC21slim.xsd"
    xmlns="http://www.loc.gov/MARC21/slim">

  <leader>01023nam a2200277 a 4500</leader>
  <controlfield tag="001">BRL_13</controlfield>
  <controlfield tag="005">20190320210542.0</controlfield>
  <controlfield tag="008">860813s1939    mx-#######---#000-0#spa-#</controlfield>
  <datafield tag="041" ind1=" " ind2=" ">
    <subfield code="a">spa</subfield>
  </datafield>
  <datafield tag="044" ind1=" " ind2=" ">
    <subfield code="a">mx</subfield>
  </datafield>
  <datafield tag="050" ind1=" " ind2="4">
    <subfield code="a">NA7515.M4</subfield>
    <subfield code="b">.C37 1939</subfield>
  </datafield>
  <datafield tag="245" ind1="1" ind2="0">
    <subfield code="a">Una casa habitaci&#xF3;n del siglo XVIII en la ciudad de M&#xE9;xico</subfield>
    <subfield code="c">Alberto Le Duc, Roberto &#xC1;lvarez Espinosa, Jorge Enciso.</subfield>
  </datafield>
  <datafield tag="260" ind1=" " ind2=" ">
    <subfield code="a">M&#xE9;xico</subfield>
    <subfield code="b">SEP : INAH, Direcci&#xF3;n de Monumentos Coloniales</subfield>
    <subfield code="c">1939</subfield>
  </datafield>
  <datafield tag="300" ind1=" " ind2=" ">
    <subfield code="a">71 p.</subfield>
    <subfield code="b">il. (algunas a color), 5 hojas plegables, 6 l&#xE1;minas a color</subfield>
    <subfield code="c">24 cm.</subfield>
  </datafield>
  <datafield tag="500" ind1=" " ind2=" ">
    <subfield code="a">Ejemplar intonso</subfield>
  </datafield>
  <datafield tag="500" ind1=" " ind2=" ">
    <subfield code="a">Au67</subfield>
  </datafield>
  <datafield tag="650" ind1="1" ind2="4">
    <subfield code="a">Arquitectura dom&#xE9;stica</subfield>
    <subfield code="y">Siglo XVIII</subfield>
    <subfield code="z">M&#xE9;xico</subfield>
    <subfield code="9">22651</subfield>
  </datafield>
  <datafield tag="650" ind1="1" ind2="4">
    <subfield code="a">Arquitectura</subfield>
    <subfield code="y">Siglo XVIII</subfield>
    <subfield code="z">Ciudad de M&#xE9;xico</subfield>
    <subfield code="9">22652</subfield>
  </datafield>
  <datafield tag="650" ind1="1" ind2="4">
    <subfield code="a">Arquitectura colonial</subfield>
    <subfield code="9">7560</subfield>
  </datafield>
  <datafield tag="651" ind1=" " ind2="4">
    <subfield code="a">Ciudad de M&#xE9;xico</subfield>
    <subfield code="x">Casas hist&#xF3;ricas</subfield>
    <subfield code="9">22653</subfield>
  </datafield>
  <datafield tag="700" ind1="1" ind2=" ">
    <subfield code="a">Duc, Alberto Le</subfield>
    <subfield code="e">coaut.</subfield>
    <subfield code="9">22654</subfield>
  </datafield>
  <datafield tag="700" ind1="1" ind2=" ">
    <subfield code="a">&#xC1;lvarez Espinosa, Roberto</subfield>
    <subfield code="e">coaut.</subfield>
    <subfield code="9">5570</subfield>
  </datafield>
  <datafield tag="700" ind1="1" ind2=" ">
    <subfield code="a">Enciso, Jorge</subfield>
    <subfield code="e">coaut.</subfield>
    <subfield code="9">22655</subfield>
  </datafield>
  <datafield tag="902" ind1=" " ind2=" ">
    <subfield code="a">GRL</subfield>
  </datafield>
  <datafield tag="942" ind1=" " ind2=" ">
    <subfield code="2">lcc</subfield>
    <subfield code="c">B</subfield>
  </datafield>
  <datafield tag="999" ind1=" " ind2=" ">
    <subfield code="c">8826</subfield>
    <subfield code="d">8826</subfield>
  </datafield>
  <datafield tag="952" ind1=" " ind2=" ">
    <subfield code="0">0</subfield>
    <subfield code="1">0</subfield>
    <subfield code="4">0</subfield>
    <subfield code="7">0</subfield>
    <subfield code="a">BRL</subfield>
    <subfield code="b">BRL</subfield>
    <subfield code="d">2012-09-25</subfield>
    <subfield code="i">Au67</subfield>
    <subfield code="l">0</subfield>
    <subfield code="o">NA7515.M4 .C37 1939 (Au67)</subfield>
    <subfield code="p">GRL00014</subfield>
    <subfield code="r">2019-03-22 00:00:00</subfield>
    <subfield code="w">2019-03-22</subfield>
    <subfield code="y">B</subfield>
  </datafield>
</record>
